000 00479nam a2200193 a 4500
001 1767935310214
003 YourLibrary
005 20260109104018.0
008 260109s2001##################000#0#eng##
020 _a9780865779143
082 0 4 _a617.75
_bPRO
100 1 _aProbst, Louis E.,
_eauthor.
245 1 0 _aRefractive Surgery :
260 _bThieme,
_c2001.
300 _a246 pages
650 0 _aMedical.
942 _cENGLISH
040 _aYourLibrary
_beng
_cYourLibrary
999 _c607969
_d607969